00873nam a22001577a 450000500170000000800410001702000220005805000170008010000290009724500340012625000120016026000270017230000100019950000260020965004800023520231102151747.0141108b xxu||||| |||| 00| 0 spa d a978-607-440-568-2 a343.720 M79p aMéxico, Leyes fiscales aPracti agenda tributaria 2014 a11a ed. aMéxico bTaxxxc2014 a1209p aIncluye bibliografia  aLey del impuesto sobre la renta - Reglamento de la ley del impuesto sobre la renta - Ley del impuesto al activo - Reglamento de la ley del impuesto al activo - Ley del impuesto al valor agregado - Reglamento de la ley del impuesto al valor agregado - Ley del impuesto especial sobre produccion y servicios - Reglamento de la ley del impuesto especial sobre produccion y servicios - Codigo fiscal de la federacion - Reglamento del codigo fiscal de la federación - Diversos.